000
00276nam a2200121Ia 4500
008
190216s9999||||xx |||||||||||||| ||und||
100
_a
Null
245
0
_a
Hindi-Akosh Ke Pamje
260
_b
New Age International Publishers
300
_a
118
650
_a
Hindi
942
_c
BK
999
_c
15911
_d
15911